Information Technology - VIII (Record no. 6727)
[ view plain ]
| 000 -LEADER | |
|---|---|
| fixed length control field | 00221nam a22000857a 4500 |
| 008 - FIXED-LENGTH DATA ELEMENTS--GENERAL INFORMATION | |
| fixed length control field | 170613b xxu||||| |||| 00| 0 eng d |
| 100 ## - MAIN ENTRY--PERSONAL NAME | |
| 9 (RLIN) | 3380 |
| Personal name | Katoch. P |
| 245 ## - TITLE STATEMENT | |
| Title | Information Technology - VIII |
| 260 ## - PUBLICATION, DISTRIBUTION, ETC. (IMPRINT) | |
| Place of publication, distribution, etc. | New Delhi |
| Name of publisher, distributor, etc. | PCB |
| Date of publication, distribution, etc. | 2009 |
| Withdrawn status | Lost status | Source of classification or shelving scheme | Damaged status | Koha normalized classification for sorting | Not for loan | Home library | Current library | Shelving location | Date acquired | Total Checkouts | Full call number | Barcode | Date last seen | Price effective from | Koha item type |
|---|---|---|---|---|---|---|---|---|---|---|---|---|---|---|---|
| Dewey Decimal Classification | KAT_004_000000000000000_D8 | Good Samaritan School Library | Good Samaritan School Library | Computer Science | 06/13/2017 | KAT004 D-8 | KAT8056 | 06/13/2017 | 06/13/2017 | BOOK |